000
00292nam a2200121Ia 4500
008
190216s9999||||xx |||||||||||||| ||und||
100
_a
Louis P Hammett
245
0
_a
Physical Organic Chemistry
260
_b
Mcgraw -hill
_c
1970
300
_a
420p
650
_a
Chemistry-Chemistry
942
_c
BK
999
_c
2291
_d
2291